Catálogo

Vista normal Vista MARC

Entrada Personal Name

Número de registros utilizados en: 1

001 - CONTROL NUMBER

  • control field: 9910

003 - CONTROL NUMBER IDENTIFIER

  • control field: DLC

005 - DATE AND TIME OF LATEST TRANSACTION

  • control field: 20210604132255.0

008 - FIXED-LENGTH DATA ELEMENTS

  • fixed length control field: 850524n| azannaabn |a aaa

010 ## - LIBRARY OF CONGRESS CONTROL NUMBER

  • LC control number: n 85111442

035 ## - SYSTEM CONTROL NUMBER

  • System control number: (OCoLC)oca01335088

040 ## - CATALOGING SOURCE

  • Original cataloging agency: DLC
  • Language of cataloging: spa
  • Description conventions: rda
  • Transcribing agency: Mx-PuUPA
  • Modifying agency: DLC
  • Modifying agency: Uk
  • Modifying agency: LNT
  • Modifying agency: MoSU
  • Modifying agency: Mx-PuUPA

046 ## - SPECIAL CODED DATES

  • Birth date: 19510105
  • Source of date scheme: edtf

100 1# - HEADING--PERSONAL NAME

  • Personal name: Herbers, Klaus,
  • Dates associated with a name: 1951-

370 ## - ASSOCIATED PLACE

  • Place of birth: Elberfeld (Wuppertal, Alemania)
  • Associated country: Alemania
  • Other associated place: Erlangen (Alemania)
  • Source of term: naf

373 ## - ASSOCIATED GROUP

  • Associated group: Friedrich-Alexander-Universität Erlangen-Nürnberg
  • Source of term: naf
  • Start period: 1998

374 ## - OCCUPATION

  • Occupation: Historiador
  • Occupation: Medievalista
  • Source of term: lcsh

375 ## - GENDER

  • Gender: hombre

377 ## - ASSOCIATED LANGUAGE

  • Language code: ger
  • Language code: lat

400 1# - SEE FROM TRACING--PERSONAL NAME

  • Personal name: Herbers, K.
  • Fuller form of name: (Klaus),
  • Dates associated with a name: 1951-

400 1# - SEE FROM TRACING--PERSONAL NAME

  • Personal name: Herbers, Nicolaus,
  • Dates associated with a name: 1951-

670 ## - SOURCE DATA FOUND

  • Source citation: Der Jakobuskult des 12. Jahrhunderts und der "Liber Sancti Jacobi," 1984:
  • Information found: title page (Klaus Herbers)

670 ## - SOURCE DATA FOUND

  • Source citation: Liber Sancti Jacobi, 1998:
  • Information found: title page verso (Klaus Herbers) cover (K. Herbers)

670 ## - SOURCE DATA FOUND

  • Source citation: Geschichte des Papsttums im Mittelalter, 2012:
  • Information found: title page (Klaus Herbers) jacket (born 1951; professor of medieval history at Universität Erlangen/Nürnberg)

670 ## - SOURCE DATA FOUND

  • Source citation: Regesta pontificum Romanorum ab condita ecclesia ad annum post Christum natum MCXCVIII. Tomus primus, 2016:
  • Information found: title page (sub auspiciis Nicolai Herbers)

670 ## - SOURCE DATA FOUND

  • Source citation: Friedrich-Alexander-Universität Erlangen-Nürnberg, Lehrstuhl für Mittelalterliche Geschichte und Historische Hilfswissenschaften website, viewed September 6, 2017:
  • Information found: link to Personen page (Prof. Dr. Klaus Herbers, Lehrstuhlinhaber; born January 5, 1951, in Wuppertal-Elberfeld; received his doctorate in 1980 from the Technische Universität Berlin; joined the faculty at Erlangen-Nürnberg in 1998; coordinating editor of Regesta pontificum Romanorum ab condita ecclesia ad annum post Christum natum MCXCVIII)
  • Uniform Resource Identifier: http://www.mittelalter.geschichte.uni-erlangen.de/cms/personen/klaus-herbers.php

670 ## - SOURCE DATA FOUND

  • Source citation: Caminaron a Santiago : relatos de peregrinaciones al fin delmundo, 1999:
  • Information found: title page (Klaus Herbers) of cover